Sabda Saubhagam (Record no. 45313)

MARC details
000 -LEADER
fixed length control field 00503nam a2200181Ia 4500
003 - CONTROL NUMBER IDENTIFIER
control field OSt
005 - DATE AND TIME OF LATEST TRANSACTION
control field 20211130054850.0
008 - FIXED-LENGTH DATA ELEMENTS--GENERAL INFORMATION
fixed length control field 211109s9999||||xx |||||||||||||| ||und||
040 ## - CATALOGING SOURCE
Transcribing agency SBCL
082 ## - DEWEY DECIMAL CLASSIFICATION NUMBER
Classification number 494.8125
Item number JOH-S
100 ## - MAIN ENTRY--PERSONAL NAME
Personal name John, Kunnapalli
245 #0 - TITLE STATEMENT
Title Sabda Saubhagam
260 ## - PUBLICATION, DISTRIBUTION, ETC.
Name of publisher, distributor, etc. Ranjima Pub
Place of publication, distribution, etc. Chry Bn 12
Date of publication, distribution, etc. 1900
300 ## - PHYSICAL DESCRIPTION
Extent 381p.
630 ## - SUBJECT ADDED ENTRY--UNIFORM TITLE
General subdivision GENERAL STACK
650 ## - SUBJECT ADDED ENTRY--TOPICAL TERM
Topical term or geographic name entry element Malayalam language
942 ## - ADDED ENTRY ELEMENTS (KOHA)
Koha item type BOOK
650 ## - SUBJECT ADDED ENTRY--TOPICAL TERM
Form subdivision Malayalam grammar
General subdivision Altaic, Uralic, Hyperborean & Dravidian LanguageGeneralia
Holdings
Withdrawn status Lost status Damaged status Not for loan Home library Current library Date acquired Cost, normal purchase price Total Checkouts Full call number Barcode Shelving location Date last seen Price effective from Koha item type
        SB LIBRARY SB LIBRARY 09/11/2021 100.00   494.8125 JOH-S 00087276 GENERAL STACK 09/11/2021 09/11/2021 BOOK

Powered by Koha